| 000 | 00353nam a22001337a 4500 | ||
|---|---|---|---|
| 008 | 181204b xxu||||| |||| 00| 0 eng d | ||
| 020 | _a9781890504816 | ||
| 041 | _aeng | ||
| 080 |
_23 TH _a610 |
||
| 100 | _a4 | ||
| 101 | _aSH,M | ||
| 245 |
_aChemoterapy And Biotherapy Guidelines And Recomenndations For Practice _cMartha,P |
||
| 942 |
_2udc _cBK |
||
| 999 |
_c52787 _d52787 |
||